00338nam a2200133Ia 450000500170000000800410001702000180005808200220007610000220009824500320012026000330015230000110018565000080019620250428163922.0231217s9999 xx 000 0 und d a9780071133838 a001.640403 MCD;3 aMcDaniel, George. 0aIBM dictionary of computing c1994bMacgraw-hillaNew York axi+758 aabc